| 000 | 00696nam a2200205Ia 4500 | ||
|---|---|---|---|
| 005 | 20220713112443.0 | ||
| 008 | 210716s2017 xx 000 0 und d | ||
| 020 | _a9781787283282 | ||
| 040 | _cAIMIT LIBRARY | ||
| 041 | _aeng | ||
| 082 |
_a005.44 _22 _bSIMC |
||
| 100 |
_aSimmonds, Chris. _948595 |
||
| 245 |
_aMastering embedded linux programming : _bunleash the full potential of embedded linux / _cBy Chris Simmonds. |
||
| 250 | _a2nd ed. | ||
| 260 |
_aMunbai : _bPackt Publishing Ltd. , _c2017 . |
||
| 300 |
_axii, 447p. ; _bPB _c23.5 cm. |
||
| 650 |
_aConfiguring and building the kernel _948596 |
||
| 650 |
_aInterfacing with device drivers _948597 |
||
| 942 |
_2ddc _cBK _e1st _k005.44 SIMC |
||
| 999 |
_c196225 _d196225 |
||